Nigers Nachbarstaaten - Statistiken

Allgemein
  • Dieses Quiz wurde 17 mal gespielt
  • Das Durchschnittsergebnis liegt bei 6 aus 7
Antwortstatistiken
Nachbarstaaten % Korrekt
Algerien
100%
Mali
100%
Tschad
100%
Nigeria
94%
Libyen
88%
Benin
75%
Burkina Faso
69%
Keine übereinstimmenden Quizze gefunden
Verteilung der Resultate
Anzahl Personen mit jedem Resultat
Perzentil nach korrekt beantworteten Fragen
Ihre Resultats-Entwicklung
Sie haben dieses Quiz noch nicht gespielt